000 01074nam a22003011a 4500
001 40995
003 BD-RjUL
005 20211209053318.0
008 730719s19651946nyu b 000 0 eng
035 _a(BD-RjUL)41111
040 _aLC
_beng
_cLC
_dLC
041 1 _aengfre
082 0 0 _a321.873
_220
_bTOD 1965
100 1 0 _aTocqueville, Alexis de,
_9125541
245 1 0 _aDemocracy in America /
_cEdited by J. P. Mayer and Max Lerner. A new translation by George Lawrence.
260 _aNew York :
_bHarper & Row,
_c1946 [1965]
300 _axxviii, 599 P. ;
_c24 cm.
500 _a"Text is based on the second revised and corrected text of [Mayer's] 1961 French edition."
504 _a"Notes on further reading": p. 776-784.
504 _aBibliographical footnotes.
650 0 _aDemocracy
_zUnited States
_9126159
651 0 _aUnited States
_xSocial conditions
_yTo 1865.
_9126160
700 1 _aLerner, Max,
_9126161
700 1 _aMayer, J. P.
_q(Jacob Peter),
_9126162
942 _2ddc
_cBK
999 _c40995
_d40995